000 00778nas a2200241 4500
001 BR0904757
003 BR-BrBNA
005 20231205113534.0
007 ta
008 230509b bl.|||p| |||| 00| 00por d
040 _aBR-BrBNA
_bpor
_cBiblioteca Nacional de Agricultura
041 _a(Pt)
072 _aE21
100 1 _aAlves, M.R.P.A.
245 1 _aDerivados de açucar: internacionalização na cadeia produtiva do açucar na segunda metade da década de 1990.
650 _aAÇUCAR
650 _aDERIVADO
650 _aCADEIA PRODUTIVA
650 _aDÉCADA DE 1990
773 0 _tOrganizações Rurais e Agroindustriais (Brazil)
_xISSN 1517-3879
_g(Jan-Jun 2004), v. 6(1) p. 52-66
_wBR0904757
909 _a202311
_bLúcia
_c55
_dLúcia Elande
942 _2AGRIS
_n0
_cANA
999 _c204310
_d204310